<?xml version="1.0" encoding="UTF-8"?>
<record
    xmlns:xsi="http://www.w3.org/2001/XMLSchema-instance"
    xsi:schemaLocation="http://www.loc.gov/MARC21/slim http://www.loc.gov/standards/marcxml/schema/MARC21slim.xsd"
    xmlns="http://www.loc.gov/MARC21/slim">

  <leader>01638nas a2200277Ia 4500</leader>
  <controlfield tag="001">R050-R275</controlfield>
  <controlfield tag="003">IT-CnALBA</controlfield>
  <controlfield tag="008">170116c99999999xx ||||||||||||   ||und||</controlfield>
  <datafield tag="040" ind1=" " ind2=" ">
    <subfield code="a">IT-CnALBA</subfield>
    <subfield code="c">IT-CnALBA</subfield>
  </datafield>
  <datafield tag="041" ind1=" " ind2=" ">
    <subfield code="a">ITALIANO</subfield>
  </datafield>
  <datafield tag="100" ind1=" " ind2=" ">
    <subfield code="a">GRASSI VITTORIO</subfield>
  </datafield>
  <datafield tag="210" ind1=" " ind2=" ">
    <subfield code="a">IL CORRIERINO</subfield>
  </datafield>
  <datafield tag="222" ind1=" " ind2=" ">
    <subfield code="a">IL CORRIERINO</subfield>
  </datafield>
  <datafield tag="245" ind1=" " ind2="0">
    <subfield code="a">IL CORRIERINO. SETTIMANALE. ANNO XI. 1930. </subfield>
  </datafield>
  <datafield tag="250" ind1=" " ind2=" ">
    <subfield code="a">1a ed.</subfield>
  </datafield>
  <datafield tag="260" ind1=" " ind2=" ">
    <subfield code="a">CREMONA</subfield>
    <subfield code="b">PIZZORNI. GRAFICA EDITORIALE</subfield>
    <subfield code="c">1930</subfield>
  </datafield>
  <datafield tag="300" ind1=" " ind2=" ">
    <subfield code="a">16 p. </subfield>
  </datafield>
  <datafield tag="310" ind1=" " ind2=" ">
    <subfield code="a">SETTIMANALE</subfield>
  </datafield>
  <datafield tag="362" ind1=" " ind2=" ">
    <subfield code="a">Fascicolo: 1-52 / Anno: 11 (1930)</subfield>
  </datafield>
  <datafield tag="500" ind1=" " ind2=" ">
    <subfield code="a">RACCONTI AD IMMAGINI A SFONDO MORALE. RACCONTI BIBLICI. EDIFICANTI. RELIGIONE. COMMEDIE. ROMANZI A PUNTATE. FAVOLE NOVELLE GIOCHI. FESTIVITA' LITURGICHE. EPISODI STORICI. POSTA E ANGOLO DI FATA ARCINA. CONVERSAZIONI CON I LETTORI. CURIOSIT&#xC0; SCIENZA. POESIE. GIOCHI IN FAMIGLIA. BARZELLETTE. FILATELIA. LETTERATURA PER I PI&#xD9; PICCINI. DISFIDA DI TREVIGLIO, G. CASTELLI. PICCOLO VIOLINISTA, COMMEDIA. WESTERNS. GRILLAIO, G. GIANNONI. </subfield>
  </datafield>
  <datafield tag="501" ind1=" " ind2=" ">
    <subfield code="a">Societ&#xE0; San Paolo EM - Piazza San Paolo, 14 - 12051 ALBA (CN)  (non commercial uses only) &#xAE; Copyright 2017</subfield>
  </datafield>
  <datafield tag="520" ind1=" " ind2=" ">
    <subfield code="a">RACCONTI AD IMMAGINI A SFONDO MORALE. RACCONTI BIBLICI. EDIFICANTI. RELIGIONE. COMMEDIE. ROMANZI A PUNTATE. FAVOLE NOVELLE GIOCHI. FESTIVITA' LITURGICHE. EPISODI STORICI. POSTA E ANGOLO DI FATA ARCINA. CONVERSAZIONI CON I LETTORI. CURIOSIT&#xC0; SCIENZA. POESIE. GIOCHI IN FAMIGLIA. BARZELLETTE. FILATELIA. LETTERATURA PER I PI&#xD9; PICCINI. DISFIDA DI TREVIGLIO, G. CASTELLI. PICCOLO VIOLINISTA, COMMEDIA. WESTERNS. GRILLAIO, G. GIANNONI. </subfield>
  </datafield>
  <datafield tag="650" ind1=" " ind2=" ">
    <subfield code="a">PERIODICI</subfield>
  </datafield>
  <datafield tag="942" ind1=" " ind2=" ">
    <subfield code="c">CR</subfield>
  </datafield>
  <datafield tag="957" ind1=" " ind2=" ">
    <subfield code="7">1</subfield>
  </datafield>
  <datafield tag="999" ind1=" " ind2=" ">
    <subfield code="a">1267</subfield>
    <subfield code="b">SI </subfield>
    <subfield code="g">1</subfield>
    <subfield code="c">319062</subfield>
    <subfield code="d">319062</subfield>
  </datafield>
  <datafield tag="952" ind1=" " ind2=" ">
    <subfield code="0">0</subfield>
    <subfield code="1">0</subfield>
    <subfield code="4">0</subfield>
    <subfield code="6">R_050R275</subfield>
    <subfield code="7">1</subfield>
    <subfield code="a">ALBA</subfield>
    <subfield code="b">ALBA</subfield>
    <subfield code="d">2017-01-16</subfield>
    <subfield code="l">0</subfield>
    <subfield code="o">R050-R275</subfield>
    <subfield code="r">2017-01-16 00:00:00</subfield>
    <subfield code="w">2017-01-16</subfield>
    <subfield code="y">CR</subfield>
    <subfield code="z">(data import: 16 gennaio 2017) - By Epidotti, Vaglietti. </subfield>
  </datafield>
</record>
